| 000 | 00678nam0a22002291 4500 | ||
|---|---|---|---|
| 001 | rc\151003 | ||
| 005 | 20250620210811.0 | ||
| 035 | _a(NLR Aleph) 005419280 | ||
| 090 |
_a7457713 _c7457713 |
||
| 100 | _a20030307d1992 |||y0rusy50 ca | ||
| 101 | 0 | _arus | |
| 102 | _aRU | ||
| 105 | _aa ||||||||| | ||
| 200 | 1 |
_aМафиози _eРоман _f[Пер. с англ. И. Бронского _gИл. А.Б. Соловцева] |
|
| 210 |
_aСтаврополь _cКавк. б-ка _d1992 |
||
| 215 |
_a107 с. _cил. _d20 |
||
| 700 | 1 |
_aМаккертин _bД. _gДжон |
|
| 801 | 0 |
_aRU _bNLR _gpsbo |
|
| 801 | 1 |
_aRU _bELAR _2rusmarc |
|
| 852 |
_aNLR _j92-3/5528 |
||
| 942 | _cBOOK | ||
| 980 | _aNB | ||